Environmental land use planning and management / (Record no. 11610)
[ view plain ]
| 000 -LEADER | |
|---|---|
| fixed length control field | 00444cam a22001574a 4500 |
| 020 ## - INTERNATIONAL STANDARD BOOK NUMBER | |
| ISBN | 1559639482 (cloth : alk. paper) |
| 040 ## - CATALOGING SOURCE | |
| Transcribing agency | DLC |
| 082 00 - DEWEY DECIMAL CLASSIFICATION NUMBER | |
| Classification number | 333 ISI 2004 A016 Co. |
| 100 1# - MAIN ENTRY--AUTHOR NAME | |
| Personal name | Randolph, John |
| 245 10 - TITLE STATEMENT | |
| Title | Environmental land use planning and management / |
| 260 ## - PUBLICATION, DISTRIBUTION, ETC. (IMPRINT) | |
| Place of publication | Washington : |
| Name of publisher | Island Press, |
| Year of publication | c2004 |
| 300 ## - PHYSICAL DESCRIPTION | |
| Number of Pages | xxxviii, 664 p. : |
| Other physical details | ill., maps (some col.) ; |
| Dimensions | 27 cm |
| 650 #0 - SUBJECT ADDED ENTRY--TOPICAL TERM | |
| Topical Term | Land use |
| 650 #0 - SUBJECT ADDED ENTRY--TOPICAL TERM | |
| Topical Term | Land use |
| 942 ## - ADDED ENTRY ELEMENTS (KOHA) | |
| Koha item type | សៀវភៅភាសាអង់គ្លេស |
| 952 ## - LOCATION AND ITEM INFORMATION (KOHA) | |
| Withdrawn status [LOCAL, KOHA] | 0 |
| Permanent Location | Date acquired | Koha item type | Lost status | Shelving location | Barcode | Current Location | Full call number |
|---|---|---|---|---|---|---|---|
| Library Block A | 2017-08-04 | សៀវភៅភាសាអង់គ្លេស | A018 | A13284 | Library Block A | 333 ISI 2004 A018 Co. |